000 02253cam a2200385 i 4500
999 _c9146
_d9146
001 32969575
003 OCoLC
005 20241126110706.0
008 950731s1996 miu b 001 0 eng
010 _a95036893
020 _a0310493307
_q(hard cover ;
_qalk. paper)
020 _a9780310493303
_q(hard cover ;
_qalk. paper)
035 _atcgc116524
035 _a(OCoLC)32969575
_z(OCoLC)264955269
_z(OCoLC)276337913
040 _aDLC
_beng
_erda
_cDLC
_dBAKER
_dNLGGC
_dBTCTA
_dLVB
_dYDXCP
_dT7Q
_dSGB
_dOCLCO
_dOCLCA
_dOCLCQ
_dOCLCO
_dOCLCA
_dOCLCF
_dCFT
_dOCLCA
_dOCLCQ
_dNZABT
_dOCLCQ
_dMNLUT
050 0 0 _aBS2595.3
_b.B57 1996
082 0 0 _a220.77
_a226.4077
_220
_bNIV
100 1 _aBock, Darrell L.
_0http://id.loc.gov/authorities/names/n88644268
_92214
245 1 0 _aLuke :
_bthe NIV application commentary from biblical text--to contemporary life /
_cDarrell L. Bock.
264 1 _aGrand Rapids, Mich. :
_bZondervan Pub. House,
_c[1996]
264 4 _c℗♭1996.
300 _a640 pages ;
_c24 cm.
336 _atext
_btxt
_2rdacontent
337 _aunmediated
_bn
_2rdamedia
338 _avolume
_bnc
_2rdacarrier
490 1 _aThe NIV application commentary series.
504 _aIncludes bibliographical references and index.
505 0 _aSeries introduction -- General editor's preface -- Author's preface -- Abbreviations -- Introduction to Luke -- Outline to the Gospel of Luke -- Select annotated bibliography on Luke -- Text and commentary on Luke.
520 _aMost commentaries focus on the original meaning of the Bible but don't discuss its contemporary application. The information they offer is valuable--but the job is only half done. The NIV Application Commentary Series helps with both halves of Bible study. Discover the original meaning of Luke and how his message has the same impact today.
630 0 0 _aBible.
_pLuke
_0http://id.loc.gov/authorities/names/n79055751
_vCommentaries.
_0http://id.loc.gov/authorities/subjects/sh99001404
_93983
655 7 _aCommentaries.
_2fast
_0http://id.worldcat.org/fast/1423723
_9875
830 0 _aNIV application commentary.
_0http://id.loc.gov/authorities/names/n94048887
_91769
856 4 _3Cover image
_uhttps://covers.openlibrary.org/b/id/171428-M.jpg
942 _2ddc
_cREF